000 00234nam a2200097Ia 4500
001 978016
005 20250826220739.0
008 250824s9999 xx 000 0 und d
245 0 _aSEVDALİNKA
_cAYŞE KULİN
260 _bEVEREST YAYINLARI
999 _c978016
_d978016